Eurovision Portugal Entries - Statistics

General Stats
  • This quiz has been taken 14 times
    6 since last reset
  • The average score is 10 of 55
Answer Stats
Year Artist Song Placement Points % Correct
2005 2B Amar NQ NQ
100%
2017 Salvador Sobral Amar pelos dois 1 758
100%
1981 Carlos Paião Playback 18 9
75%
1982 Doce Bem bom 13 32
50%
1994 Sara Tavares Chamar a música 8 73
50%
1989 Da Vinci Conquistador 16 39
50%
2021 The Black Mamba Love Is on My Side 12 153
50%
1986 Dora Não sejas mau para mim 14 28
50%
2018 Cláudia Pascoal O jardim 26 39
50%
2022 Maro Saudade, saudade 9 207
50%
1979 Manuela Bravo Sobe, sobe, balão sobe 9 64
50%
2019 Conan Osíris Telemóveis NQ NQ
50%
1973 Fernando Tordo Tourada 10 80
50%
1972 Carlos Mendes A festa da vida 7 90
25%
2023 Mimicat Ai Coração 23 59
25%
1978 Gemini Dai li dou 17 5
25%
1969 Simone de Oliveira Desfolhada portuguesa 15 4
25%
1974 Paulo de Carvalho E depois do adeus 14 3
25%
1983 Armando Gama Esta balada que te dou 13 33
25%
1991 Dulce Lusitana paixão 8 62
25%
1971 Tonicha Menina do alto da Serra 9 83
25%
1964 António Calvário Oração 13 0
25%
2009 Flor-de-lis Todas as ruas do amor 15 57
25%
1993 Anabela A cidade (até ser dia) 10 60
0%
2011 Homens da Luta A luta é alegria NQ NQ
0%
1992 Dina Amor d'água fresca 17 26
0%
1997 Célia Lawson Antes do adeus 24 0
0%
1995 Tó Cruz Baunilha e chocolate 21 5
0%
2006 Nonstop Coisas de nada NQ NQ
0%
1999 Rui Bandeira Como tudo começou 21 12
0%
2007 Sabrina Dança comigo NQ NQ
0%
2003 Rita Guerra Deixa-me sonhar 22 13
0%
1966 Madalena Iglésias Ele e ela 13 6
0%
2004 Sofia Vitória Foi magia NQ NQ
0%
2010 Filipa Azevedo Há dias assim 18 43
0%
1990 Nucha Há sempre alguém 20 9
0%
2015 Leonor Andrade Há um mar que nos separa NQ NQ
0%
1975 Duarte Mendes Madrugada 16 16
0%
2020 Elisa Medo de sentir - -
0%
1987 Nevada Neste barco à vela 18 15
0%
1996 Lúcia Moniz O meu coração não tem cor 6 92
0%
1967 Eduardo Nascimento O vento mudou 12 3
0%
1985 Adelaide Penso em ti, eu sei 18 9
0%
1977 Os Amigos Portugal no coração 14 18
0%
2014 Suzy Quero ser tua NQ NQ
0%
1998 Alma Lusa Se eu te pudesse abraçar 12 36
0%
2008 Vânia Fernandes Senhora do mar (Negras águas) 13 69
0%
1984 Maria Guinot Silêncio e tanta gente 11 38
0%
1965 Simone de Oliveira Sol de inverno 13 1
0%
2001 MTM Só sei ser feliz assim 17 18
0%
1976 Carlos do Carmo Uma flor de verde pinho 12 24
0%
1980 José Cid Um grande, grande amor 7 71
0%
1968 Carlos Mendes Verão 11 5
0%
2012 Filipa Sousa Vida Minha NQ NQ
0%
1988 Dora Voltarei 18 5
0%
No matching quizzes found
Score Distribution
Percent of People with Each Score
Percentile by Number Answered
Your Score History
You have not taken this quiz since the last reset